01158nam a2200313 i 4500001000300000003000400003005001700007008004100024015001800065020001500083040001400098041000800112080001500120080000800135080001200143100002700155245010500182260008900287300002900376504002200405650002100427650003100448655003000479658003400509700003300543700004300576710012700619856009800746bgBPK20210707091621.0050609s2005 pl a f |000 0 pol  aPB 2005/11190 a8372852278 aWA NcBPK0 apol a658.14/.17 a657 a(075.8)1 aRedo, MagdalenaeAutor10aAnaliza finansowa przedsiębiorstwa /cMagdalena Dynus, Bożena Kołosowska, Piotr Prewysz-Kwinto. aToruń :bTowarzystwo Naukowe Organizacji i Kierownictwa "Dom Organizatora",c2005. a173 s. :brys. ;c24 cm. aBibliogr. s. 173. 4aRachunkowość 4aFinanse przedsiębiorstwa 4aPodręczniki akademickie aGospodarka, ekonomia, finanse1 aPrewysz-Kwinto, PiotreAutor1 aKołosowska, Bożenad(1956- )eAutor2 aDom Organizatora w Toruniu (Towarzystwo Naukowe Organizacji i Kierownictwa)bOddział Toruński "Dom Organizatora".4pbl. uhttp://koha.tu.koszalin.pl/cgi-bin/koha/opac-detail.pl?biblionumber=46192yKatalog online BPK